Bài tập hóa học đại cương (sách dùng cho sinh viên các trường đại học và cao đẳng)

Đã lưu trong:
書目詳細資料
主要作者: Lâm, Ngọc Thiềm
其他作者: Trần, Hiệp Hải
格式: 圖書
出版: Hà Nội Giáo dục 1998
主題:
標簽: 添加標簽
沒有標簽, 成為第一個標記此記錄!
Thư viện lưu trữ: Trung tâm Học liệu Lê Vũ Hùng, Trường Đại học Đồng Tháp
LEADER 00897pam a22002538a 4500
001 00039186
005 20171026081025.0
008 170518s1998 ||||||Viesd
041 0 # |a Vie 
082 1 4 |a 540.76  |b B103T 
100 1 # |a Lâm, Ngọc Thiềm 
245 1 0 |a Bài tập hóa học đại cương  |b (sách dùng cho sinh viên các trường đại học và cao đẳng)  |c Lâm Ngọc Thiềm (chủ biên), Trần Hiệp Hải 
260 # # |a Hà Nội  |b Giáo dục  |c 1998 
300 # # |a 303tr. 
653 # # |a Bài Tập 
653 # # |a Hóa Học 
653 # # |a Đại Cương 
700 1 # |a Trần, Hiệp Hải 
852 # # |b Kho mượn  |j KM.0022875 
852 # # |b Kho đọc  |j KD.0022037 
852 # # |j KD.0022037  |j KM.0022875 
910 |d 18/05/2017 
980 # # |a Trung tâm Học liệu Lê Vũ Hùng, Trường Đại học Đồng Tháp